000 00564nam a2200193Ia 4500
003 GCL
008 140319s9999 xx 000 0 eng d
040 _aGCL /
_cGCL
082 0 4 _a745.5
_bS G
100 1 _aSUMMIT, GINGER
245 1 0 _aGOURD CRAFTS :
_b20 GREAT PROJECTS TO DYE, PAINT, CARVE, BEAD, AND WOODBURN IN WEEKEND /
_cSUMMIT, GINGER
260 _aنيويورك :
_bLARK BOOKS ،
_c2000
300 _a32 CM ؛
_c80 P
490 _aTHE WEEKEND CRAFTER
_v0
650 0 4 _aWOOD WORK
650 0 4 _aNATURE CRAFT
650 0 4 _aGOURD CRAFT
942 _2ddc
_cBK
999 _c6562
_d6562